000 00394nam a2200145 i 4500
001 49370
003 ES-MaACL
007 t|
008 030715s1929 sp ||||1| spa d
100 1 _aCortina, Augusto.
_940938
245 1 0 _aDesfile de imágenes /
_cAugusto Cortina.
260 _aMadrid :
_b[s.n.],
_c1929 (
_fSuc. de Rivadeneyra)
300 _a138 p. ;
_c19 cm.
852 _aES-MaACL
_jB-2778
999 _c49370
_d49370